Ekonomi perusahaan perniagaan koperasi

Bibliographic Details
Main Author: Chukwu, Samuel C. (Author)
Format: Book
Language:Malay
Published: Kuala Lumpur : Friedrich Ebert Stiftung 1992
Subjects:

MARC

LEADER 00000cam a2200000 7i4500
001 0000000285
005 20240919.0
008 991123 my may
020 |a 9839971824 
040 |a INS   |b eng   |e rda 
090 0 0 |a HD3271   |b .C45154 1992 
100 1 |a Chukwu, Samuel C. ,   |e author 
245 1 0 |a Ekonomi perusahaan perniagaan koperasi   |c Samuel C. Chukwu 
264 1 |a Kuala Lumpur :   |b Friedrich Ebert Stiftung   |c 1992 
300 |a 228 pages :   |b illustrations ;   |c 22 cm. 
336 |a text  |2 rdacontent 
337 |a unmediated  |2 rdamedia 
338 |a volume  |2 rdacarrier 
504 |a Includes bibliographical references 
650 0 |a Cooperative societies 
999 |a 0000004581   |b BOOK   |c Open Shelf   |e Default branch